000 00648nam a2200205 i 4500
001 28378
003 ES-MaACL
005 20251213063014.0
007 t|
008 030117s1942 sp ||||1| spa d
100 1 _aBañuelos, Misael,
_d1887-1954
_925242
245 1 0 _aPulmonías y bronconeumonías /
_cMisael Bañuelos García.
250 _a2ª ed. aum.
260 _aBarcelona :
_bSalvat,
_c1942 (
_fImp. Hispano-Americana)
300 _a161 p., 2 lám. ;
_c24 cm.
490 1 _aManuales de medicina práctica
830 0 _aManuales de medicina práctica
_9181070
852 _aES-MaACL
_jE-835
_bR.19562
999 _c28378
_d28378